00413nam a2200121 a 450000500170000000800410001704100080005804400070006610000340007324501200010726000530022730000110028020140127111855.0140127b2007 ck ||||| |||| 00| 0 spa d aspa ack aGómez Marín, Paula Andrea aAproximación al estado de la investigación en plantas medicinales, aromaticas y productos derivados en Colombia aBogotábInstituto Alexander von Humboldtc2007 aCD-ROM